000 00411nam a2200181Ia 4500
001 754
005 20260306140541.0
008 260306t2015||||xx |||||||||||||| ||spa||
041 _aESP
082 _a160
_bG17
100 _aGambra, José Miguel
_eAUT
245 0 _aLógica aristotélica
260 _c2015
300 _a329 páginas :
_c23 cm.
650 _aGEN
654 _aCHU
942 _cLIB
_dJUS
_fJUS
_2ddc
_n
999 _c754
_d754